| 000 | 00883cam a2200253 a 4500 | ||
|---|---|---|---|
| 001 | 2052713 | ||
| 003 | ARRUPE | ||
| 005 | 20140218020010.0 | ||
| 008 | 931019s1994 nyu b s001 0 eng | ||
| 010 | _a 93041809 | ||
| 020 | _a0801429234 (alk. paper) | ||
| 040 |
_aDLC _cDLC _dDLC |
||
| 050 | 0 | 0 |
_aB2799.F8 _bH83 1994 |
| 100 | 1 |
_aHudson, Hud. _98669 |
|
| 245 | 1 | 0 |
_aKant's compatibilism / _cHud Hudson. |
| 260 |
_aIthaca : _bCornell University Press, _c1994. |
||
| 300 |
_axi, 196 p. ; _c24 cm. |
||
| 504 | _aIncludes bibliographical references (p. 183-192) and index. | ||
| 600 | 1 | 0 |
_aKant, Immanuel, _d1724-1804. _98670 |
| 650 | 0 |
_aFree will and determinism. _98671 |
|
| 906 |
_a7 _bcbc _corignew _d1 _eocip _f19 _gy-gencatlg |
||
| 942 |
_2lcc _cMONOGRAPH _01 |
||
| 999 |
_c120063 _d120063 |
||